Alle legendären/mysteriösen Pokemon - Statistiken

Allgemein
  • Dieses Quiz wurde 213 mal gespielt
    208 seit der letzten Aktualisierung
  • Das Durchschnittsergebnis liegt bei 52 aus 93
Antwortstatistiken
Antwort % Korrekt
Mew
97%
Mewtu
94%
Arktos
92%
Lavados
91%
Zapdos
91%
Entei
89%
Ho-Oh
89%
Palkia
89%
Dialga
88%
Groudon
86%
Kyogre
86%
Lugia
86%
Suicune
86%
Giratina
81%
Rayquaza
81%
Celebi
80%
Raikou
79%
Regice
78%
Regirock
78%
Registeel
78%
Darkrai
77%
Arceus
76%
Latias
74%
Latios
74%
Selfe
74%
Regigigas
73%
Solgaleo
73%
Reshiram
71%
Vesprit
71%
Zekrom
71%
Jirachi
70%
Deoxys
69%
Lunala
69%
Tobutz
69%
Xerneas
69%
Heatran
68%
Shaymin
68%
Manaphy
67%
Victini
67%
Yveltal
67%
Zygarde
65%
Cresselia
64%
Phione
64%
Kyurem
63%
Terrakium
59%
Boreos
56%
Kobalium
56%
Viridium
56%
Voltolos
56%
Keldeo
55%
Zacian
55%
Demeteros
54%
Genesect
54%
Zamazenta
54%
Cosmog
50%
Kapu-Riki
49%
Meloetta
49%
Necrozma
48%
Hoopa
47%
Diancie
44%
Regidrago
44%
Cosmovum
43%
Kapu-Kime
43%
Kapu-Toro
42%
Kapu-Fala
41%
Regieleki
41%
Volcanion
41%
Endynalos
39%
Anego
36%
Marshadow
36%
Zarude
35%
Schlingking
34%
Zeraora
34%
Coronospa
31%
Masskito
31%
Rotom
30%
Schabelle
30%
Magearna
29%
Muramura
29%
Katagami
28%
Melmetal
28%
Typ:Null
28%
Amigento
26%
Phantoross
26%
Polaross
26%
Meltan
25%
Kaguron
24%
Voltriant
23%
Wulaosu
21%
Agoyon
20%
Dakuma
20%
Venicro
20%
Kopploiso
1%
Keine übereinstimmenden Quizze gefunden
Verteilung der Resultate
Anzahl Personen mit jedem Resultat
Perzentil nach korrekt beantworteten Fragen
Ihre Resultats-Entwicklung
Sie haben dieses Quiz seit der letzten Aktualisierung nicht gespielt